Movies by Picture - W - Statistics

General Stats
  • This quiz has been taken 530 times
  • The average score is 11 of 16
Answer Stats
Picture Answer % Correct
Wonder Woman
98%
Wonka
97%
The Wizard of Oz
95%
The Wolverine
93%
The Wolf of Wall Street
88%
The Whale
73%
White Chicks
71%
Wedding Crashers
59%
West Side Story
59%
World War Z
54%
When Harry Met Sally
53%
White Men Can't Jump
53%
The War of the Worlds
50%
Wall Street
50%
Waterworld
45%
The Waterboy
42%
No matching quizzes found
Score Distribution
Percent of People with Each Score
Percentile by Number Answered
Your Score History
You have not taken this quiz